000 00382nam a2200145Ia 4500
008 210210b1974 xxu||||| |||| 00| 0 eng d
082 _a540 ANDC
100 _aANDREWS (Donald H).
245 _aChemistry: a humanistic view.
260 _aLondon
_bMcGraw Hill Kogakusha Ltd
_c1974
300 _axv,396
650 _aChemistry Humanistic
690 _aChemistry
906 _aCC00201
999 _c109399
_d109399